000 00472nam a2200169Ia 4500
999 _c12228
_d12228
003 OSt
005 20201015105151.0
008 190216s9999||||xx |||||||||||||| ||und||
040 _coclc
082 _a821.7737
_bGUP/S
100 _aGupta, O S
_95053
245 0 _aShelley: Adonais /
_cO S Gupta
260 _bLoyal Book Depot,
_c1970.
_aMeerut:
300 _a215p
650 _aEnglish Poetry
942 _cBK
_2ddc
_h821.7737
_iGUP/S
_k821.7737
_mGUP/S